[Event "Asian Juniors 2013"]
[Site "Sharjah UAE"]
[Date "2013.04.06"]
[Round "7.4"]
[White "Hosseinipour,M"]
[Black "Tran Tuan Minh"]
[Result "1/2-1/2"]
[WhiteElo "2251"]
[BlackElo "2310"]

1.e4 d6 2.d4 Nf6 3.Nc3 Nbd7 4.Nf3 e5 5.Bc4 Be7 6.a4 O-O 7.O-O c6 8.Ba2 Qc7
9.Re1 b6 10.Bg5 Re8 11.Qd2 Nf8 12.h3 Bd7 13.Rad1 Rad8 14.Qe2 h6 15.Bh4 Rc8
16.Bg3 Ng6 17.Nh4 Nf8 18.dxe5 dxe5 19.Nf5 Be6 20.Bxe6 Nxe6 21.Bh4 Nf4 22.Qf3 Rcd8
23.Kh2 Kh7 24.Nxe7 Qxe7 25.Bxf6 Qxf6 26.g3 Ne6 27.Qxf6 gxf6 28.Kg2 Nd4 29.Rc1 Rd7
30.Red1 Red8 31.Rd2 Ne6 32.Rxd7 Rxd7 33.Rd1 Rd4 34.b3 Kg6 35.f3 f5 36.exf5+ Kxf5
37.Kf2 Kg6 38.Re1 f6 39.Re2 Kf7 40.Kg2 a6 41.Kf2 b5 42.axb5 axb5 43.h4 b4
44.Na2 c5 45.c3 bxc3 46.Nxc3 Rb4 47.Ne4 Rxb3 48.Ra2 f5 49.Ra7+ Kg6 50.Nd2 Rb2
51.Ke3 f4+ 52.gxf4 Nxf4 53.Ra6+ Kh5 54.Rc6 Rc2 55.Rd6 c4 56.Ke4 Kxh4 57.Rxh6+ Kg5
58.Rd6 c3 59.Nc4 Re2+ 60.Ne3 c2 61.Rc6 Ng2 62.f4+ Kh4 63.Kf3 Rxe3+ 64.Kxg2 Rg3+
65.Kf2 e4 66.Rxc2 e3+ 67.Kf1 Kg4 68.f5 Kf3 69.Rh2 Rg8 70.f6 Ra8 71.Rh3+ Ke4
72.f7 Ra1+ 73.Kg2 Ra2+ 74.Kg3 Rf2 75.Rh4+ Ke5 76.Rh5+ Ke6 77.Ra5 Rxf7 78.Ra3  1/2-1/2

[Event "87th ch-ARG 2013"]
[Site "Villa Martelli ARG"]
[Date "2013.04.06"]
[Round "4.13"]
[White "Perez Pietronave,C"]
[Black "Lorenzini,M"]
[Result "1-0"]
[WhiteElo "2203"]
[BlackElo "2488"]

1.e4 d6 2.d4 Nf6 3.Nc3 Nbd7 4.Nf3 e5 5.Be2 Be7 6.g4 h6 7.Rg1 c6 8.Be3 Qc7
9.Qd2 b5 10.a3 Bb7 11.h4 h5 12.gxh5 Nxh5 13.d5 Ndf6 14.O-O-O a6 15.Nxe5 dxe5
16.d6 Bxd6 17.Qxd6 Qxd6 18.Rxd6 Rd8 19.Rxd8+ Kxd8 20.Rg5 g6 21.Rxe5 Nd7 22.Rg5 Nhf6
23.Rg1 c5 24.Bg5 Kc8 25.e5 Nh7 26.Bf4 Nhf8 27.Bg3 Ne6 28.Bg4 b4 29.axb4 cxb4
30.Ne2 Ndc5 31.Nd4 Kc7 32.Nxe6+ Nxe6 33.Rd1 Bc8 34.Rd6 a5 35.b3 Rd8 36.Rxd8 Kxd8
37.Kd2 Ba6 38.Be2 Bxe2 39.Kxe2 Kd7 40.Kd3 Kc6 41.Kc4 Nc5 42.Bf4 Nd7 43.Kd4 Nc5
44.Bg5 Ne6+ 45.Ke4 Kd7 46.Bd2 Kc6 47.c3 bxc3 48.Bxc3  1-0

[Event "TCh-CZE Div1 Zapad 2012-13"]
[Site "Czech Republic CZE"]
[Date "2013.04.07"]
[Round "10.2"]
[White "Petenyi,T"]
[Black "Voloshin,L"]
[Result "1/2-1/2"]
[WhiteElo "2457"]
[BlackElo "2426"]

1.e4 d6 2.d4 Nf6 3.Nc3 e5 4.Nf3 Nbd7 5.Bc4 Be7 6.O-O O-O 7.Re1 c6 8.a4 b6
9.Ba2 a6 10.h3 Rb8 11.dxe5 dxe5 12.Nh4 Nxe4 13.Nxe4 Bxh4 14.Qh5 Be7 15.Bg5 Qe8
16.Rad1 Rb7 17.Bxe7 Qxe7 18.Nd6 Nf6 19.Qxe5 Qxe5 20.Rxe5 Rc7 21.Rde1 Rd8
22.Nxc8 Rdxc8 23.f3 Rf8 24.Kf2 a5 25.Rf5 Rd8 26.Re2 h6 27.Bc4 Ne8 28.Rf4 Rdd7  1/2-1/2

[Event "TCh-CZE Div1 Vychod 2012-13"]
[Site "Czech Republic CZE"]
[Date "2013.04.07"]
[Round "10.5"]
[White "Kulovana,E"]
[Black "Pokrupa,M"]
[Result "1-0"]
[WhiteElo "2251"]
[BlackElo "2210"]

1.e4 d6 2.d4 Nf6 3.Nc3 e5 4.dxe5 dxe5 5.Qxd8+ Kxd8 6.Bg5 Nd7 7.O-O-O Bd6
8.Bc4 Ke8 9.f3 a6 10.Nge2 h6 11.Be3 Ke7 12.Rd2 Bc5 13.Bxc5+ Nxc5 14.Nd5+ Nxd5
15.Rxd5 Nd7 16.Rhd1 c6 17.R5d2 Nb6 18.Bb3 a5 19.a4 Be6 20.Ng3 g6 21.Bxe6 Kxe6
22.b3 Rhc8 23.Nf1 h5 24.Ne3 Ke7 25.Nc4 Nxc4 26.Rd7+ Ke8 27.bxc4 Rab8 28.R1d3 Rd8
29.Rc7 Rxd3 30.cxd3 Rd8 31.Kc2 Rd7 32.Rxd7 Kxd7 33.c5 Ke6 34.Kc3 f5 35.h4 Kf6
36.d4 Ke6 37.Kd3 exd4 38.Kxd4 f4 39.Kd3 Ke5 40.Kc4 Kf6 41.Kc3 Ke5 42.Kd3 Kf6
43.Kd4 Ke6 44.e5 Kf5 45.e6 Kf6 46.e7 Kxe7 47.Ke5 b5 48.cxb6 Kd7 49.Kxf4 Kc8
50.g4 Kb7 51.gxh5 gxh5 52.Ke5 Kxb6 53.Kd6 c5 54.Kd5 c4 55.Kxc4 Kc6 56.f4 Kd6
57.Kb5 Ke6 58.Kxa5 Kf5 59.Kb6  1-0

[Event "TCh-CZE Div1 Vychod 2012-13"]
[Site "Czech Republic CZE"]
[Date "2013.04.07"]
[Round "10.2"]
[White "Kriebel,T"]
[Black "Vesselovsky,S"]
[Result "1/2-1/2"]
[WhiteElo "2359"]
[BlackElo "2356"]

1.e4 d6 2.d4 Nf6 3.Nc3 e5 4.Nf3 Nbd7 5.Bc4 Be7 6.O-O O-O 7.Re1 c6 8.a4 b6
9.Ba2 a6 10.h3 Rb8 11.Nh4 Ne8 12.Nf5 Bg5 13.dxe5 dxe5 14.Qg4 Bxc1 15.Raxc1 Qf6
16.b4 g6 17.Rcd1 Kh8 18.Ne3 Qe7 19.b5 axb5 20.axb5 Qb4 21.bxc6 Ndf6 22.Ned5 Nxd5
23.Nxd5 Qxe1+ 24.Rxe1 Bxg4 25.hxg4 Rc8 26.Nxb6 Rxc6 27.Nd7 Rxc2 28.Nxf8 Rxa2
29.Nd7 Ra5 30.Rc1 Kg7 31.Rc6 f6 32.Nc5 Kf7 33.f3 Ra7 34.Nd3 Rd7 35.Nb4 Nc7
36.Kh2 h6 37.Rb6 Ne6 38.Nd5 Ra7 39.Kg3 Rd7 40.Ra6 Rb7 41.Kh2 Rd7 42.g3 g5
43.Kh3 Rb7 44.Rd6 Ra7 45.Rb6 Rd7 46.Ne3 Nd4 47.Nd5 Ne6 48.Kg2 Ra7 49.Kf1 Ra1+
50.Kf2 Ra2+ 51.Ke1 Ra1+ 52.Kd2 Ra2+ 53.Kc1 Ra1+ 54.Kb2 Rf1 55.Rb7+ Kf8 56.Nxf6 Rxf3
57.Nd7+ Ke8 58.Nxe5 Rxg3 59.Rh7 Nc5 60.Rxh6 Nd3+ 61.Nxd3 Rxd3 62.Re6+ Kf7
63.Re5 Re3 64.Kc2 Kf6 65.Kd2 Rg3 66.Rf5+ Kg6 67.e5 Rxg4 68.Rf6+ Kg7 69.Ke3 Rf4
70.Ra6 Kf7 71.Rb6  1/2-1/2

[Event "20th TCh-RUS 2013"]
[Site "Loo RUS"]
[Date "2013.04.07"]
[Round "1"]
[White "Jakovenko,D"]
[Black "Ivanov,AA"]
[Result "1-0"]
[WhiteElo "2734"]
[BlackElo "2435"]

1.e4 d6 2.d4 Nf6 3.Nc3 e5 4.Nf3 Nbd7 5.Bc4 Be7 6.O-O O-O 7.a4 a5 8.Re1 h6
9.h3 c6 10.Ba2 Nh7 11.Be3 Ng5 12.Nd2 Ne6 13.dxe5 dxe5 14.Bxe6 fxe6 15.Nc4 Bb4
16.Qh5 Qe8 17.Qxe8 Rxe8 18.Red1 Rf8 19.f3 Kh7 20.Na2 Be7 21.Nc1 Ra6 22.Nd3 Bf6
23.Bf2 b6 24.Bg3 c5 25.Ndxe5 Nxe5 26.Bxe5 Bd8 27.Rd6 Ra8 28.Nxb6 Bxb6 29.Rxb6 Ra6
30.Rxa6 Bxa6 31.Bc7 Rf7 32.Bxa5 Rb7 33.Bc3 Rd7 34.Kf2 g5 35.Ke1 h5 36.a5 g4
37.hxg4 hxg4 38.Rd1 Rxd1+ 39.Kxd1 Bf1 40.fxg4 Bxg2 41.a6 Bxe4 42.a7 Kg6 43.Bd2 c4
44.Be3 c3 45.b4 e5 46.Ke2 Kf6 47.Bc1 Ke6 48.Ke3 Bd5 49.Kd3 Kd6 50.Kxc3 Kc7
51.Be3 Kb7 52.b5 Be4 53.Kb3  1-0

[Event "15th Dubai Open 2013"]
[Site "Dubai UAE"]
[Date "2013.04.08"]
[Round "2.12"]
[White "Ganguly,S"]
[Black "Vandenbussche,T"]
[Result "1-0"]
[WhiteElo "2623"]
[BlackElo "2387"]

1.e4 d6 2.d4 Nf6 3.Nc3 e5 4.Nf3 exd4 5.Nxd4 Be7 6.Be2 O-O 7.Bf4 c6 8.Qd3 Na6
9.Qg3 Nc5 10.Bh6 Ne8 11.h4 Kh8 12.Bg5 Nf6 13.Bf3 Qa5 14.O-O-O Be6 15.Rhe1 Na4
16.Nxa4 Qxa4 17.a3 d5 18.e5 Ng8 19.Qf4 Qa5 20.Bxe7 Nxe7 21.h5 h6 22.g4 Qd8
23.Rg1 Ng8 24.g5 Qd7 25.Be2 hxg5 26.Qxg5 f6 27.exf6 gxf6 28.Qg6 Rae8 29.h6 Rf7
30.Nxe6 Qxe6 31.Bh5 Rfe7 32.h7  1-0

[Event "20th TCh-RUS 2013"]
[Site "Loo RUS"]
[Date "2013.04.08"]
[Round "2"]
[White "Sutovsky,E"]
[Black "Caruana,F"]
[Result "1-0"]
[WhiteElo "2671"]
[BlackElo "2772"]

1.e4 d6 2.d4 Nf6 3.Nc3 e5 4.Nf3 Nbd7 5.Bc4 Be7 6.O-O exd4 7.Qxd4 O-O 8.Bf4 Nb6
9.Be2 Bg4 10.h3 Bh5 11.Rad1 Nfd7 12.e5 dxe5 13.Bxe5 Bg6 14.Qf4 c6 15.a4 a5
16.Bc7 Qc8 17.Nd4 Bb4 18.Bf3 Re8 19.Rfe1 Rxe1+ 20.Rxe1 Nc4 21.Nxc6 bxc6 22.Bxc6 Ra7
23.Nb5 Rxc7 24.Qxc7 Qxc7 25.Re8+ Nf8 26.Nxc7 Bxc2 27.Nd5 Bd6 28.Rd8 Bc5 29.Bb5 Nb6
30.Nxb6 Bxb6 31.Rd6 Ba7 32.Ra6 Bd4 33.Rxa5 g6 34.Ra8 Bxb2 35.a5 Kg7 36.Rc8 Bf5
37.Rc4 Ne6 38.Bd7 Bd3 39.Rc6 Bb5 40.Rb6 Bxd7 41.Rxb2 Bc6 42.a6 Nf4 43.Rc2 Ba8
44.Rc8 Bd5 45.Rd8 Bc6 46.Rd6 Ba8 47.Rd8 Bc6 48.f3 h6 49.h4 Nd5 50.a7 Ne3
51.Rc8 Bb7 52.Rb8 Bc6 53.Rc8 Bb7 54.a8=Q Bxa8 55.Rxa8 Nf5 56.Ra4 Kf6 57.Kh2 h5
58.Kh3 Ng7 59.Rf4+ Ke7 60.Rb4 Kf6 61.Rb6+ Ne6 62.Kg3 Kg7 63.Kf2 Nd4 64.g4 hxg4
65.fxg4 Ne6 66.Ke3 Nc5 67.Rd6 Kf8 68.Kd4 Ne6+ 69.Ke5 Ke7 70.Rb6 Nc5 71.Rc6 Ne6
72.Rc4 f6+ 73.Kd5 Kf7 74.Kd6 g5 75.h5 Nf4 76.Rc7+ Kg8 77.h6 Kh8 78.Rf7 Ng2
79.Ke6 Ne3 80.Kxf6 Nxg4+ 81.Kxg5 Ne5 82.Re7  1-0

[Event "2nd Jan Van Leeuwen Memorial"]
[Site "Ghent BEL"]
[Date "2013.04.09"]
[Round "3.12"]
[White "Van de Velde,K"]
[Black "Gottfried,Jonathan"]
[Result "0-1"]
[WhiteElo "2119"]
[BlackElo "1574"]

1.e4 d6 2.d4 Nf6 3.Nc3 e5 4.dxe5 dxe5 5.Qxd8+ Kxd8 6.Nf3 Bd6 7.Bd3 Bg4 8.Bg5 c6
9.O-O-O Ke7 10.h3 Be6 11.Ng1 h6 12.Bh4 g5 13.Bg3 Na6 14.f3 Nb4 15.Nge2 Nxd3+
16.Rxd3 Nh5 17.Bf2 Nf4 18.Nxf4 gxf4 19.g3 fxg3 20.Bxg3 Rhg8 21.Bh2 Rg2 22.Nd1 f6
23.Ne3 Rf2 24.Nf5+ Bxf5 25.exf5 Rg8 26.Bg1 Rf1+ 27.Rd1 Rxf3 28.Bxa7 Rxf5
29.Rh2 e4 30.c4 Bxh2  0-1

[Event "ch-ISR w 2013"]
[Site "Acre ISR"]
[Date "2013.04.10"]
[Round "5.1"]
[White "Lian,M"]
[Black "Borsuk,A"]
[Result "0-1"]
[WhiteElo "1874"]
[BlackElo "2256"]

1.e4 d6 2.d4 c6 3.Nc3 Nf6 4.Be3 Nbd7 5.f3 e5 6.Qd2 Be7 7.g4 O-O 8.O-O-O b5
9.Nge2 b4 10.Nb1 d5 11.g5 Nh5 12.Ng3 exd4 13.Qxd4 Nxg3 14.hxg3 Bxg5 15.f4 Be7
16.exd5 Bc5 17.Qd3 Bxe3+ 18.Qxe3 cxd5 19.Rxd5 Qb6 20.Qd3 Nf6 21.Rd6 Qf2 22.Be2 Bb7
23.Rf1 Qc5 24.Nd2 Rfe8 25.Nc4 Bd5 26.Rd1 Bxc4 27.Qxc4 Qe3+ 28.R1d2 Ne4 29.Rd7 Rf8
30.Qd3 Qxd2+ 31.Qxd2 Nxd2 32.Kxd2 Rad8 33.Rxd8 Rxd8+ 34.Ke3 Kf8 35.c3 bxc3
36.bxc3 Ke7 37.Bf3 Kd6 38.Be4 h6 39.Bc2 Kc5 40.Bb3 Re8+ 41.Kf3 f6 42.Bf7 Re1
43.Kg4 Re3 44.c4 Ra3 45.Kh4 g5+ 46.fxg5  0-1

[Event "Open Golden Island Krk"]
[Site "Malinska CRO"]
[Date "2013.04.10"]
[Round "7.1"]
[White "Zelcic,R"]
[Black "Nevednichy,V"]
[Result "0-1"]
[WhiteElo "2555"]
[BlackElo "2553"]

1.e4 d6 2.d4 Nf6 3.Nc3 e5 4.Nf3 Nbd7 5.Bc4 Be7 6.O-O exd4 7.Nxd4 Nb6 8.Be2 O-O
9.a4 a5 10.Bf4 c6 11.Qd3 d5 12.Rad1 dxe4 13.Qg3 Nbd5 14.Bh6 Ne8 15.Nxe4 f5
16.c4 fxe4 17.cxd5 cxd5 18.Nb5 Be6 19.Be3 Bf7 20.Bf4 Qb6 21.Bg4 h5 22.Bd7 h4
23.Qh3 Qf6 24.Be3 Qg6 25.Nd4 Ra6 26.Nf5 Bb4 27.Nxh4 Qf6 28.Bd4 Qh6 29.Bb5 Ra8
30.Be3 Qf6 31.Bd7 Rd8 32.Bd4 Qh6 33.Bg4 Nf6 34.Nf5 Qxh3 35.Bxh3 Bh5 36.Rc1 Be2
37.Rc7 Ne8 38.Rxb7 Bxf1 39.Kxf1 Rf7 40.Rb6 Rc7 41.g3 Bc5 42.Bxc5 Rxc5 43.Ne7+ Kf7
44.Nc6 Rd6 45.Ne5+ Ke7 46.Rb5 Rc1+ 47.Kg2 d4 48.Ng4 d3 49.Ne3 d2 50.Bg4 Nf6
51.Be2 Re1  0-1

[Event "23rd ch-SLO 2013"]
[Site "Sentjur SLO"]
[Date "2013.04.10"]
[Round "6.29"]
[White "Nikolic,Stank"]
[Black "Kodric,Tilen"]
[Result "1/2-1/2"]
[WhiteElo "1898"]
[BlackElo "1544"]

1.e4 d6 2.d4 Nf6 3.Nc3 e5 4.Nf3 Nbd7 5.h3 g6 6.Bc4 Bg7 7.Bb3 c6 8.dxe5 dxe5
9.Be3 Qa5 10.O-O O-O 11.Re1 Nc5 12.Bd2 Nxb3 13.axb3 Qc7 14.Qc1 b6 15.Bg5 Be6
16.b4 a6 17.b3 Rfe8 18.Be3 Bf8 19.Na4 Nd7 20.Rd1 b5 21.Nc5 Nxc5 22.bxc5 f6
23.b4 a5 24.c3 a4 25.Ra3 Bb3 26.Re1 Qf7 27.Nd2 Bc4 28.f4 Bh6 29.fxe5 Bxe3+
30.Rxe3 fxe5 31.Rf3 Qe6 32.Nf1 Be2 33.Rf2 Bxf1 34.Qxf1 Rf8 35.Rxf8+ Rxf8
36.Qe2 Rd8 37.Kh2 Qf6 38.Qf3 Qxf3 39.gxf3 Rd3 40.Kg3 Kf7 41.h4 Ke6 42.Kf2 Rd2+
43.Ke3 Rb2 44.Kd3 Rh2 45.Ke3 Rb2 46.Kd3 Rh2 47.c4 Rxh4 48.cxb5 cxb5 49.Ke3 Rf4
50.Rd3 Rf8 51.Rd6+ Ke7 52.Rb6 Ra8 53.Rb7+ Ke6 54.Rxh7 a3 55.Rh1 a2 56.Ra1 Ra3+
57.Kf2 Kf6 58.Kg3 Kg5 59.c6 Rc3 60.Rxa2 Rxc6 61.Rd2 Rc4 62.Rd5 Rxb4 63.Rxe5+ Kf6
64.Rc5 Rb1 65.Kf4 Rb3 66.Rc6+ Kf7 67.Rc7+ Ke6 68.Rc6+ Kf7 69.Rb6 b4 70.Rb7+ Ke6
71.Rb6+ Kf7 72.e5 Rb1 73.Rf6+ Kg7 74.Rb6 Kf7 75.Kg5 Rg1+ 76.Kf4 Rb1 77.Rf6+ Kg7
78.Rc6 Kf7 79.Rb6  1/2-1/2

[Event "15th Dubai Open 2013"]
[Site "Dubai UAE"]
[Date "2013.04.11"]
[Round "5.33"]
[White "Pourkashiyan,A"]
[Black "Harika,D"]
[Result "1/2-1/2"]
[WhiteElo "2303"]
[BlackElo "2509"]

1.e4 d6 2.d4 Nf6 3.Nc3 Nbd7 4.Nf3 e5 5.Bc4 Be7 6.O-O O-O 7.a4 a6 8.h3 b6
9.Re1 Bb7 10.b3 c6 11.Bb2 Qc7 12.Bf1 Rfe8 13.Qd2 Bf8 14.Rad1 Rad8 15.Nh4 g6
16.Kh1 Bg7 17.d5 cxd5 18.exd5 Rc8 19.Bc4 Nc5 20.Ba3 Nfd7 21.Nf3 h6 22.Rc1 Qd8
23.Bf1 e4 24.Nd4 Qg5 25.Qe3 Qe5 26.Nde2 Nf6 27.Bb2 Qg5 28.Nf4 Qf5 29.Rcd1 Ncd7
30.Ba1 h5 31.Nfe2 g5 32.Ng3 Qg6 33.Bc4 Nc5 34.b4 Nxa4 35.Nxa4 Rxc4 36.Qxb6 Bc8
37.Qxd6 h4 38.Ne2 Rxc2 39.Nb6 e3 40.fxe3 Bxh3 41.Bxf6 Bxf6 42.Nd7 Bxd7 43.Qxd7 Rxe3
44.Ng1 Qe4 45.Nf3 Kg7 46.Rxe3 Qxe3 47.Qg4 Rc1 48.Rxc1 Qxc1+ 49.Kh2 Qc7+ 50.Kh1 Qc1+
51.Kh2 Qc7+ 52.Kh3 Qc1  1/2-1/2

[Event "ch-ISR 2013"]
[Site "Acre ISR"]
[Date "2013.04.13"]
[Round "8.8"]
[White "Popilski,G"]
[Black "Berkovich,M"]
[Result "1/2-1/2"]
[WhiteElo "2523"]
[BlackElo "2364"]

1.e4 d6 2.d4 Nf6 3.Nc3 e5 4.Nf3 Nbd7 5.Bc4 Be7 6.O-O O-O 7.a4 c6 8.Re1 exd4
9.Nxd4 d5 10.exd5 Nb6 11.Bb3 Nbxd5 12.Nxd5 Nxd5 13.Bxd5 cxd5 14.Bf4 Bc5 15.Qd3 Be6
16.Be5 Bxd4 17.Bxd4 Qd7 18.Bxg7 Kxg7 19.Qg3+ Kh8 20.Qe5+ Kg8 21.Qg5+ Kh8
22.Qf6+ Kg8 23.Re5 Rfe8 24.Rh5 Rac8 25.Qg5+ Kh8 26.Qf6+ Kg8 27.h3 Rc7 28.Qg5+ Kh8
29.Qf6+ Kg8 30.Re1 Qd8 31.Rg5+ Kf8 32.Qh6+ Ke7 33.f4 Rc4 34.f5 Qb6+ 35.Kh2 Re4
36.Rxe4 dxe4  1/2-1/2

[Event "TCh-CAT Div Hon 2013"]
[Site "Catalonia ESP"]
[Date "2013.04.13"]
[Round "11.8"]
[White "Diaz Camallonga,C"]
[Black "Almirall Botella,J"]
[Result "1-0"]
[WhiteElo "2167"]
[BlackElo "2056"]

1.e4 d6 2.d4 Nf6 3.Nc3 Nbd7 4.Nf3 e5 5.Bc4 Be7 6.O-O O-O 7.Re1 c6 8.a4 Qc7
9.b3 Nb6 10.Bd3 Bg4 11.Be3 Rad8 12.h3 Bh5 13.Qe2 Bxf3 14.Qxf3 d5 15.dxe5 d4
16.exf6 Bxf6 17.Bf4 Qe7 18.Ne2 g5 19.Bd2 Nd7 20.Ng3 Ne5 21.Qh5  1-0

[Event "15th Dubai Open 2013"]
[Site "Dubai UAE"]
[Date "2013.04.13"]
[Round "6.37"]
[White "Khukhashvili,S"]
[Black "Basencyan,M"]
[Result "0-1"]
[WhiteElo "2386"]
[BlackElo "2133"]

1.e4 d6 2.d4 Nf6 3.Nc3 e5 4.Nf3 Nbd7 5.Bc4 Be7 6.O-O O-O 7.Re1 c6 8.a4 b6
9.b3 a6 10.Bb2 Bb7 11.Bd3 Re8 12.Ne2 Bf8 13.Ng3 g6 14.c4 Bg7 15.Qd2 a5 16.Rad1 Qe7
17.h3 Rad8 18.Bc2 Nf8 19.Qe3 N6d7 20.Ba3 c5 21.d5 h5 22.Kf1 h4 23.Nh1 Nh7
24.Bc1 Ndf6 25.g3 hxg3 26.Nxg3 Bc8 27.Ng1 Kh8 28.Qf3 Ng8 29.Ke2 Qf6 30.Qg2 Bh6
31.Bxh6 Nxh6 32.Kd3 Qf4 33.Re3 f5 34.N3e2 fxe4+ 35.Kd2 Qg5 36.Qxg5 Nxg5 37.Rg3 Ngf7
38.Rxg6 Bf5 39.Rg3 Rg8 40.Bb1 Bh7 41.Nc3 Rxg3 42.fxg3 Ng5 43.Rf1 Nf5 44.Nge2 e3+
45.Kd1 Nd4 46.Bxh7 Kxh7 47.h4 Ngf3 48.Nxd4 Nxd4 49.Re1 Rg8 50.Ne4 e2+ 51.Rxe2 Nxe2
52.Nf6+ Kg6 53.Nxg8 Nxg3 54.Ne7+ Kh5 55.Nc8 Nf5 56.Nxb6 Kxh4 57.Nc8 Kg3 58.Ke2 Kf4
59.Na7 e4 60.Nc6 e3 61.Nxa5 Nd4+ 62.Ke1 Kf3 63.Nc6 Nc2+ 64.Kd1 e2+ 65.Kxc2 e1=Q
66.a5 Qa1  0-1

[Event "4th LUCOPEN 2013"]
[Site "Lille FRA"]
[Date "2013.04.13"]
[Round "1.19"]
[White "Lesot,J"]
[Black "Janev,E"]
[Result "0-1"]
[WhiteElo "2077"]
[BlackElo "2442"]

1.d4 d6 2.e4 Nf6 3.Nc3 Nbd7 4.Nf3 e5 5.dxe5 dxe5 6.a3 c6 7.Bc4 Be7 8.O-O O-O
9.Qe2 a5 10.Rd1 Qc7 11.Bg5 Nc5 12.a4 Ne6 13.Bxe6 Bxe6 14.h3 h6 15.Bd2 Rfd8
16.Nh4 Nxe4 17.Qxe4 Rd4 18.Qe2 Bxh4 19.Be3 Rxd1+ 20.Rxd1 Rd8 21.Rf1 Be7 22.Qh5 Bf8
23.f4 exf4 24.Rxf4 f5 25.Qg6 Bc8 26.Rf1 Qe7 27.Qg3 Kh7 28.h4 Re8 29.Bf4 Qf7
30.Rd1 Bc5+ 31.Kh2 Qh5 32.Re1 Rxe1 33.Qxe1 g5 34.Bc7 Qf7 35.Bb8 Qc4 36.hxg5 hxg5
37.g3 Qd4 38.Be5 Qd8 39.Kg2 Kg6 40.Qe2 Be6 41.Bh8 Bf7 42.Qe5 Qd2+ 43.Ne2 Qd5+
44.Qxd5 Bxd5+ 45.Kf1 Kh5 46.Nd4 Kg4 47.Kf2 Bd6 48.Ne2 Bc4 49.Bd4 Bxe2 50.Kxe2 Kxg3
51.Bb6 Kg2 52.Bxa5 f4 53.Bb6 f3+ 54.Ke1 g4  0-1

[Event "4th LUCOPEN 2013"]
[Site "Lille FRA"]
[Date "2013.04.13"]
[Round "1.11"]
[White "Weill,R"]
[Black "Pancevski,F"]
[Result "0-1"]
[WhiteElo "2138"]
[BlackElo "2500"]

1.e4 d6 2.d4 Nf6 3.Nc3 Nbd7 4.Nf3 e5 5.Bc4 Be7 6.O-O O-O 7.Re1 a6 8.a4 b6
9.dxe5 dxe5 10.Nh4 Nxe4 11.Nxe4 Bxh4 12.Qh5 Bb7 13.Ng5 Bxg5 14.Bxg5 Nf6 15.Qh4 h6
16.Bxh6 gxh6 17.Qxh6 Nh7 18.Rxe5 Qf6 19.Qxf6 Nxf6 20.Rg5+ Kh8 21.Ra3 Nh7
22.Rh3 Rg8 23.Rgh5 Rxg2+ 24.Kf1 Rg7 25.f3 Bc8 26.R3h4 Bd7 27.Rd4 Bc6 28.Bd3 Kg8
29.Rh6 Nf8 30.Rdh4  0-1

[Event "ch-ISR w 2013"]
[Site "Acre ISR"]
[Date "2013.04.14"]
[Round "9.2"]
[White "Bejashvili,Irma"]
[Black "Klinova,M"]
[Result "0-1"]
[WhiteElo "1876"]
[BlackElo "2330"]

1.e4 d6 2.d4 Nf6 3.Nc3 c6 4.Be2 Nbd7 5.Nf3 e5 6.h3 Be7 7.O-O O-O 8.Be3 b5
9.a3 a6 10.Qd2 Qc7 11.Bd3 c5 12.dxe5 dxe5 13.Rfc1 Bb7 14.Bg5 c4 15.Be2 Rad8
16.Qe1 h6 17.Bh4 Nc5 18.Bxf6 Bxf6 19.Nd2 Bg5 20.Rd1 Bxd2 21.Rxd2 Rxd2 22.Qxd2 Nxe4
23.Qe1 Nxc3 24.Qxc3 Rd8 25.b3 Qc6 26.Bf1 cxb3 27.Qxb3 Rc8 28.Rd1 e4 29.Rd2 Qc7
30.Be2 Rd8 31.Rxd8+ Qxd8 32.c4 Qd2 33.Qe3 Qxe3 34.fxe3 bxc4 35.Bxc4 g5 36.Kf2 Kg7
37.Ke2 f5 38.g3 Kf6 39.g4 f4 40.Kf2 a5 41.Ke2 Ke5 42.Kf2 Bc6 43.Ke2 Be8 44.Kf2 h5
45.Ke2 hxg4 46.hxg4 Bd7  0-1

[Event "23rd ch-SLO 2013"]
[Site "Sentjur SLO"]
[Date "2013.04.14"]
[Round "9.29"]
[White "Amon,Nejc"]
[Black "Kodric,Tilen"]
[Result "1/2-1/2"]
[WhiteElo "1790"]
[BlackElo "1544"]

1.e4 d6 2.d4 Nf6 3.Nc3 e5 4.Nf3 Nbd7 5.Bc4 Be7 6.O-O O-O 7.Re1 c6 8.a4 h6
9.h3 Re8 10.Qd3 exd4 11.Qxd4 Qb6 12.Bb3 Qxd4 13.Nxd4 Nc5 14.Bf4 Nh5 15.Bh2 Bf6
16.Rad1 Bxd4 17.Rxd4 Nxb3 18.cxb3 d5 19.Red1 dxe4 20.Nxe4 Be6 21.Nc5 Bd5
22.Nxb7 Bxb3 23.Rc1 Re2 24.Na5 Bd5 25.Nc4 Rae8 26.Kf1 Bxc4 27.Rdxc4 Rxb2
28.Rxc6 Ree2 29.Bg1 Nf6 30.R6c5 Ne4 31.Rf5 Ra2 32.Rf4 g5 33.Rf5 Reb2 34.a5 Kg7
35.g4 Nd6 36.Rd5 Ne4 37.Rf5 Nd6 38.Rd5 Ne4 39.Rf5  1/2-1/2

[Event "15th Dubai Open 2013"]
[Site "Dubai UAE"]
[Date "2013.04.15"]
[Round "9.40"]
[White "Hoolt,S"]
[Black "Salah,R"]
[Result "1-0"]
[WhiteElo "2338"]
[BlackElo "2085"]

1.e4 d6 2.d4 Nf6 3.Nc3 e5 4.Nf3 exd4 5.Nxd4 Be7 6.Be2 O-O 7.Be3 Re8 8.O-O Bf8
9.f3 c6 10.Bg5 h6 11.Bh4 Nbd7 12.Kh1 Ne5 13.a4 g5 14.Bf2 Ng6 15.Bc4 Nh5 16.Qd2 Nhf4
17.Nde2 Be6 18.Bd3 Bg7 19.Rad1 Qe7 20.Be3 Nxd3 21.cxd3 d5 22.d4 f5 23.exf5 Bxf5
24.Bf2 Qf7 25.Rde1 Re7 26.Nd1 Rae8 27.Ne3 Bc8 28.Ng4 h5 29.Ne5 Nxe5 30.dxe5 Rxe5
31.Bxa7 Qe7 32.Rf2 Bf5 33.b4 g4 34.Bc5 Qh4 35.Ref1 gxf3 36.gxf3 Bh3 37.Rg1 Rf5
38.Bd4 Rf7 39.Rg3 Re6 40.Ng1 Bf5 41.Rfg2 Ree7 42.Qc3  1-0

[Event "4th LUCOPEN 2013"]
[Site "Lille FRA"]
[Date "2013.04.15"]
[Round "3.12"]
[White "Roy Chowdhury,S"]
[Black "Chandran,F"]
[Result "1-0"]
[WhiteElo "2471"]
[BlackElo "1702"]

1.e4 d6 2.d4 Nf6 3.Nc3 Nbd7 4.Nf3 e5 5.Bc4 Be7 6.O-O O-O 7.Re1 a6 8.a4 b6
9.b3 Bb7 10.Bb2 c6 11.Bd3 Qc7 12.Ne2 Rfe8 13.Ng3 Bf8 14.c4 Rad8 15.a5 b5
16.cxb5 cxb5 17.d5 Rc8 18.b4 Qb8 19.Qd2 g6 20.Qg5 h6 21.Qd2 Rc7 22.h3 Bg7
23.Nh2 Nf8 24.Qd1 Bc8 25.Bc1 Bd7 26.Be3 Rec8 27.Bb6 Rb7 28.Qd2 Be8 29.Rac1 Rxc1
30.Rxc1 N8d7 31.Be3 Rc7 32.Bxh6 Bxh6 33.Qxh6 Qc8 34.Rxc7 Qxc7 35.Ne2 Nf8
36.Nf3 Qe7 37.Qe3 Qc7 38.Qh6 Qe7 39.Qc1 Nxd5 40.exd5 e4 41.Qe3  1-0

[Event "4th LUCOPEN 2013"]
[Site "Lille FRA"]
[Date "2013.04.15"]
[Round "3.1"]
[White "Danin,A"]
[Black "Pancevski,F"]
[Result "1/2-1/2"]
[WhiteElo "2575"]
[BlackElo "2500"]

1.e4 d6 2.d4 Nf6 3.Nc3 e5 4.Nf3 Nbd7 5.Bc4 Be7 6.O-O O-O 7.a4 a6 8.Ba2 b6
9.Qe2 c6 10.Rd1 Qc7 11.h3 Rb8 12.d5 c5 13.Bc4 Ra8 14.Nh4 g6 15.Bh6 Re8 16.Nf3 Nh5
17.g4 Nhf6 18.Ne1 Kh8 19.Bd3 Ng8 20.Bd2 Ndf6 21.Ng2 h5 22.f3  1/2-1/2

[Event "ch-SRB 2013"]
[Site "Vrnjacka Banja SRB"]
[Date "2013.04.15"]
[Round "1.1"]
[White "Brenjo,S"]
[Black "Popovic,Du"]
[Result "1/2-1/2"]
[WhiteElo "2516"]
[BlackElo "2558"]

1.e4 d6 2.d4 Nf6 3.Nc3 e5 4.Nf3 Nbd7 5.Bc4 Be7 6.O-O Nb6 7.Be2 exd4 8.Qxd4 O-O
9.Bg5 Nfd7 10.Bxe7 Qxe7 11.Rfe1 Ne5 12.Nd5 Nxd5 13.exd5 Bf5  1/2-1/2

[Event "ch-POL 2013"]
[Site "Chorzow POL"]
[Date "2013.04.16"]
[Round "4.10"]
[White "Duda,J"]
[Black "Drozdowski,K"]
[Result "1-0"]
[WhiteElo "2497"]
[BlackElo "2432"]

1.e4 d6 2.d4 Nf6 3.Nc3 e5 4.Nf3 Nbd7 5.Bc4 Be7 6.O-O O-O 7.Re1 a5 8.a4 c6
9.b3 exd4 10.Nxd4 Nb6 11.Bf1 d5 12.e5 Ne8 13.Nce2 c5 14.Nf3 Bf5 15.Nf4 Nc7
16.Bd3 Qc8 17.h3 Rd8 18.Ba3 Be4 19.Nd2 Bxd3 20.cxd3 Qf5 21.Qf3 Bg5 22.Nxd5 Qxf3
23.Nxf3 Rxd5 24.Nxg5 Rxd3 25.Bxc5 Rxb3 26.Red1 Nbd5 27.Bd6 Ne6 28.Rxd5 Nxg5
29.Rc1 h6 30.Rc4 Ne6 31.f4 Rb1+ 32.Kf2 Rb2+ 33.Kf3 Rb3+ 34.Ke4 Rg3 35.Rc2 g5
36.f5 Nf4 37.e6 fxe6 38.fxe6 Re8 39.Bxf4 gxf4 40.Re5 Re7 41.Rd2 Kg7 42.Kxf4 Ra3
43.Rd4 Kf6 44.Rde4 Rc3 45.Rf5+ Kg6 46.Rxa5 Rc6 47.Rae5 Rc1 48.h4 Rf1+ 49.Ke3 Re1+
50.Kd4 Rd1+ 51.Kc5 Rc7+ 52.Kb6 Re7 53.g4 Kg7 54.Kb5 Rd6 55.Kc5 Ra6 56.Rd5 Rc6+
57.Kb5 Rcc7 58.Rc5  1-0

[Event "ch-LAT 2013"]
[Site "Riga LAT"]
[Date "2013.04.16"]
[Round "5.3"]
[White "Bernotas,A"]
[Black "Kretainis,K"]
[Result "0-1"]
[WhiteElo "2268"]
[BlackElo "2228"]

1.e4 d6 2.d4 Nf6 3.Nc3 e5 4.Nge2 exd4 5.Nxd4 Be7 6.Be2 O-O 7.O-O Re8 8.Re1 Bf8
9.Bg5 h6 10.Bh4 g5 11.Bg3 Nxe4 12.Nxe4 Rxe4 13.Qd3 Qe8 14.f3 Re7 15.Bf1 Nc6
16.Rxe7 Qxe7 17.Re1 Qf6 18.Nxc6 bxc6 19.c3 Qf5 20.Re8 Qxd3 21.Bxd3 Bb7 22.Rxa8 Bxa8
23.Ba6 c5 24.Kf1 Bg7 25.Ke2 Bd5 26.a3 Be5 27.Bf2 Bb3 28.h4 Kf8 29.hxg5 hxg5
30.Kd3 Ke7 31.g3 Kd7 32.Ke4 Bc2+ 33.Ke3 Kc6 34.Kd2 Bb3 35.Be3 Bf6 36.Bd3 a5
37.Bf5 d5 38.Bf2 Kd6 39.f4 d4 40.Kd3 c4+ 41.Kd2 d3 42.Be3 gxf4 43.Bxf4+ Be5
44.Bxe5+ Kxe5 45.Bd7 Kd6 46.Be8 f6 47.Bf7 Kc5 48.Be8 c6 49.Bf7 Kd6 50.Bg8 Ke5
51.Bf7 Kf5 52.Bh5 Ke4 53.Bg4 Ba4 54.Bh5 Bb5 55.Bg4 c5 56.Bh5 Bc6 57.Bg4 Bd5
58.Bd1 f5 59.Bh5 Be6 60.Bd1 Bf7 61.a4 Bd5 62.Bh5 Be6 63.Kd1 Ke3  0-1

[Event "ch-SRB 2013"]
[Site "Vrnjacka Banja SRB"]
[Date "2013.04.16"]
[Round "2.3"]
[White "Savic,Miod1"]
[Black "Damljanovic,B"]
[Result "0-1"]
[WhiteElo "2539"]
[BlackElo "2536"]

1.e4 d6 2.d4 Nf6 3.Nc3 e5 4.Nf3 Nbd7 5.Bc4 Be7 6.O-O Nb6 7.Be2 exd4 8.Nxd4 O-O
9.a4 a5 10.f4 Re8 11.Bf3 Bf8 12.h3 c6 13.b3 d5 14.e5 Nfd7 15.Nce2 Nc5 16.Bb2 Nbd7
17.Ng3 g6 18.Qd2 Ne6 19.Nge2 Nxd4 20.Nxd4 Nc5 21.Rae1 Qh4 22.Ne2 Ne6 23.Kh2 Ng7
24.Nd4 Bb4 25.c3 Bc5 26.Bc1 Bd7 27.Rd1 Rad8 28.Qe1 Qxe1 29.Rfxe1 Be7 30.Be3 f6
31.exf6 Bxf6 32.Bf2 Nf5 33.Bg4 h5 34.Nxf5 Bxf5 35.Bxf5 gxf5 36.Bb6 Bxc3 37.Rf1 Ra8
38.Rf3 Bf6 39.Bd4 Kf7 40.Rg3 h4 41.Rf3 Bxd4 42.Rxd4 Re2 43.Kg1 Rg8 44.Rf2 Re4
45.Rd3 Ke6 46.Rc2 Kd6 47.Rf3 d4 48.Kf2 Kd5 49.Rb2 c5 50.Rc2 Rg6 51.Rd2 b6
52.Rb2 Rge6 53.g3 hxg3+ 54.Kxg3 Re3 55.h4 Rg6+ 56.Kf2 Ke4 57.Rxe3+ dxe3+
58.Kf1 Kxf4 59.Rh2 Rd6 60.Ke1 Kg3 61.Rh1 Kg2 62.Rf1 Rd1+  0-1